[Event "It (open)"]
[Site "masterchessopen.com – Dieren (Netherlands)"]
[Round "4"]
[White "Mikhalevski Victor (ISR)"]
[Black "Rabinovich Alexander (ISR)"]
[Result "1-0"]
[WhiteElo "2516"]
[BlackElo "2413"]

1.d4 d5 2.c4 c6 3.Nf3 Nf6 4.Nc3 dxc4 5.a4 Na6 6.e4 Bg4 7.Bxc4 Bxf3 8.gxf3 e6
9.Be3 Nb4 10.O-O Be7 11.Kh1 O-O 12.Rg1 Kh8 13.f4 c5 14.dxc5 Qc8 15.e5 Nd7
16.Ne4 b6 17.Qh5 Qb7 18.f3 Nc2 19.Rxg7 Kxg7 20.Nf6 Nxf6 21.exf6+ Bxf6 22.Rg1+
Kh8 23.Bd3 {#r} 1-0

[Event "Landesliga 1999/00"]
[Site "masterchessopen.com – Germany"]
[Round "1"]
[White "Mitscherling Andreas (GER)"]
[Black "Wagner Friedrich (GER)"]
[Result "1-0"]
[WhiteElo "2224"]
[BlackElo "2219"]

1.c4 c6 2.d4 d5 3.Nf3 Nf6 4.Nc3 dxc4 5.a4 Na6 6.e4 Bg4 7.Bxc4 e6 8.Be3 Bb4
9.Qc2 Nc7 10.Ne5 Bh5 11.O-O Qe7 12.f3 c5 13.Qf2 cxd4 14.Bxd4 a6 15.Nd3 O-O
16.Na2 e5 17.Bxe5 Bd6 18.Bxd6 Qxd6 19.e5 Qc6 20.Rfc1 Nfd5 21.Bxd5 Qxd5 22.Nf4
Qxe5 23.Nxh5 Ne6 24.Ng3 Nd4 25.Re1 {#r} 1-0

[Event "It (open)"]
[Site "masterchessopen.com – San Sebastian (Spain)"]
[Round "0"]
[White "Izeta Txabarri Felix (ESP)"]
[Black "Bermejo Luis (ESP)"]
[Result "1-0"]
[WhiteElo "2505"]
[BlackElo "2217"]

1.d4 d5 2.c4 c6 3.Nf3 Nf6 4.Nc3 dxc4 5.a4 Na6 6.e4 Bg4 7.Bxc4 e6 8.Be3 Nb4
9.O-O Be7 10.h3 Bh5 11.g4 Bg6 12.Ne5 Nd7 13.Nxd7 Qxd7 14.f4 f6 15.Qb3 Bf7
16.f5 Qd6 17.Ne2 {#r} 1-0

[Event "Ch Brazil"]
[Site "masterchessopen.com – Brasilia (Brazil)"]
[Round "1"]
[White "Disconzi Da Silva Rodrigo (BRA)"]
[Black "Souza Neves Andrey M (BRA)"]
[Result "1-0"]
[WhiteElo "2352"]
[BlackElo "2177"]

1.d4 d5 2.c4 c6 3.Nc3 Nf6 4.Nf3 dxc4 5.a4 Na6 6.e3 Bg4 7.Bxc4 e6 8.O-O Be7
9.Qe2 Nb4 10.Rd1 Qa5 11.h3 Bh5 12.e4 O-O 13.Bf4 h6 14.Rac1 g5 15.Be3 Bg6
16.Ne5 Bh7 17.Qf3 Rad8 18.h4 Nd7 19.Ng4 Kg7 20.hxg5 hxg5 21.d5 cxd5 22.exd5
Qc7 23.d6 Bxd6 24.Nb5 {#r} 1-0

[Event "It (b)"]
[Site "masterchessopen.com – Bucharest (Romania)"]
[Round "6"]
[White "Danilov Ilie Vladimir (ROM)"]
[Black "Dragasevic Srdja (MNE)"]
[Result "1-0"]
[WhiteElo "2307"]
[BlackElo "2313"]

1.d4 d5 2.c4 c6 3.Nf3 Nf6 4.Nc3 dxc4 5.a4 Na6 6.e4 Bg4 7.Bxc4 e6 8.O-O Nb4
9.Be3 a5 10.Qd2 Bxf3 11.gxf3 Be7 12.Kh1 g6 13.Rad1 O-O 14.Rg1 Nh5 15.Bh6 Re8
16.f4 Kh8 17.f5 Bf8 18.fxg6 fxg6 19.Bxf8 Rxf8 20.Rxg6 Nf4 21.Rg4 Qf6 22.f3
Rad8 23.e5 Qf5 24.Ne4 Ng6 25.Be2 b6 26.Qh6 Nd5 27.Ng5 Ngf4 28.Rdg1 Rg8 29.Nxh7
Qh5 30.Nf6+ {#r} 1-0

[Event "It"]
[Site "masterchessopen.com – Cannes (France)"]
[Round "1"]
[White "Pira Davoud (FRA)"]
[Black "Kogan Artur (ISR)"]
[Result "0-1"]
[WhiteElo "2441"]
[BlackElo "2504"]

1.d4 Nf6 2.Nf3 d5 3.c4 c6 4.Nc3 dxc4 5.a4 Na6 6.e4 Bg4 7.Bxc4 e6 8.O-O Be7
9.Be3 Nb4 10.Rc1 O-O 11.Qe2 Qa5 12.h3 Bh5 13.g4 Bg6 14.Ne5 c5 15.Nxg6 hxg6
16.g5 cxd4 17.gxf6 Bxf6 18.Bf4 dxc3 19.e5 cxb2 20.Rcd1 Be7 21.Rd7 Qxa4 22.Rxe7
Nd5 23.Bxd5 Qxf4 24.Bg2 Qc1 25.Qb5 Rab8 26.Rd7 Rfd8 27.Rd6 b6 28.Rc6 Rd1
29.Be4 b1=Q 30.Bxb1 Rxf1+ {#R} 0-1

[Event "It (open)"]
[Site "masterchessopen.com – Edinburgh (Scotland)"]
[Round "4"]
[White "Berry Neil (SCO)"]
[Black "Shaw John (SCO)"]
[Result "0-1"]
[WhiteElo "2247"]
[BlackElo "2435"]

1.d4 d5 2.c4 c6 3.Nf3 Nf6 4.Nc3 dxc4 5.a4 Na6 6.e3 Bg4 7.Bxc4 e6 8.h3 Bh5
9.O-O Nb4 10.Qe2 Be7 11.Rd1 O-O 12.a5 b5 13.Bb3 Nd7 14.e4 Qc7 15.Be3 a6
16.Rdc1 Qb7 17.Na2 Nxa2 18.Bxa2 Rac8 19.g4 Bg6 20.Nd2 c5 21.d5 Nf6 22.dxe6
Nxe4 23.f4 Nxd2 24.Bxd2 c4 25.f5 fxe6 26.fxg6 Rf3 27.Qxe6+ Kh8 {#R} 0-1

[Event "Oberliga East A 1999/00"]
[Site "masterchessopen.com – Germany"]
[Round "5"]
[White "Hamann Sven (GER)"]
[Black "Jordan Dirk (GER)"]
[Result "0-1"]
[WhiteElo "2204"]
[BlackElo "2193"]

1.d4 d5 2.c4 c6 3.Nf3 Nf6 4.Nc3 dxc4 5.a4 Na6 6.e3 Bg4 7.Bxc4 e6 8.O-O Nb4
9.Qe2 Be7 10.Rd1 O-O 11.h3 Bh5 12.Na2 Nxa2 13.Bxa2 Ne4 14.Bd2 Ng5 15.e4 Nxf3+
16.gxf3 Bg5 17.Bxg5 Qxg5+ 18.Kh2 Rad8 19.Rd3 Rxd4 20.Rxd4 Qe5+ 21.Kg2 Qxd4
22.Rd1 Qxa4 23.b3 Qa5 24.Rd7 Rd8 25.Rxb7 h6 26.e5 Bg6 27.b4 Qa3 28.Bc4 Qc1
29.Rxa7 Rd1 {#R} 0-1

[Event "It (open)"]
[Site "masterchessopen.com – Salou (Spain)"]
[Round "4"]
[White "Kolev Atanas (BUL)"]
[Black "Arbunic Castro Giovanna B (CHI)"]
[Result "1-0"]
[WhiteElo "2582"]
[BlackElo "2137"]

1.d4 d5 2.c4 c6 3.Nf3 Nf6 4.Nc3 dxc4 5.a4 Na6 6.e4 Bg4 7.Bxc4 Bxf3 8.gxf3 e6
9.Be3 Be7 10.O-O O-O 11.Kh1 Rc8 12.Rg1 Kh8 13.Rc1 c5 14.d5 exd5 15.Nxd5 Nxd5
16.Bxd5 Qb6 17.f4 Rcd8 18.Qg4 g6 19.f5 Nb4 20.a5 Qc7 21.Bd4+ {#r} 1-0

[Event "Ch Ukraine"]
[Site "masterchessopen.com – Sevastopol (Ukraine)"]
[Round "6"]
[White "Truskavetsky Alexandr (UKR)"]
[Black "Cherniakhovsky Petr (UKR)"]
[Result "1-0"]
[WhiteElo "2220"]
[BlackElo "2229"]

1.d4 d5 2.c4 c6 3.Nf3 Nf6 4.Nc3 dxc4 5.a4 Na6 6.e4 Bg4 7.Bxc4 Bxf3 8.gxf3 e6
9.Be3 Nb4 10.O-O a5 11.Qe2 Be7 12.Rad1 O-O 13.Kh1 Qc7 14.Rg1 Rfd8 15.b3 g6
16.f4 c5 17.f3 cxd4 18.Nb5 Qb8 19.Nxd4 Nc6 20.f5 Nxd4 21.Rxd4 Rxd4 22.Bxd4 e5
23.fxg6 hxg6 24.Rxg6+ Kf8 25.Rh6 Ng8 26.Rh8 Kg7 27.Rh5 {#r} 1-0

[Event "Ch Slovakia (team) 2000/01 (1 liga) West"]
[Site "masterchessopen.com – Slovakia"]
[Round "2"]
[White "Kijac Miroslav (SVK)"]
[Black "Horvath Mario (SVK)"]
[Result "0-1"]
[WhiteElo "2154"]
[BlackElo "2260"]

1.d4 d5 2.c4 c6 3.Nf3 Nf6 4.Nc3 dxc4 5.a4 Na6 6.Ne5 Ng4 7.Nxc4 e5 8.Nxe5 Nxe5
9.dxe5 Qxd1+ 10.Nxd1 Be6 11.e4 Nb4 12.Ne3 O-O-O 13.Bd2 Rd4 14.Be2 Bc5 15.Rc1
Rhd8 16.Nf1 Rxe4 17.Be3 Bxe3 18.Nxe3 Nd3+ 19.Bxd3 Rxd3 20.O-O a5 21.Rc5 Rxa4
22.Nd1 Ra2 23.Rc3 Rxc3 24.bxc3 Bc4 25.Re1 Ra1 {#R} 0-1

[Event "Match (blitz)"]
[Site "masterchessopen.com – Andorra"]
[Round "2"]
[White "Simonet Marc (AND)"]
[Black "Magem Badals Jordi (ESP)"]
[Result "0-1"]
[WhiteElo "2310"]
[BlackElo "2503"]

1.d4 d5 2.c4 c6 3.Nf3 Nf6 4.Nc3 dxc4 5.a4 Na6 6.e4 Bg4 7.Bxc4 Bxf3 8.gxf3 e6
9.Bxa6 bxa6 10.Be3 Be7 11.O-O O-O 12.Qe2 Qc8 13.Rac1 Qb7 14.Rfd1 Rfc8 15.Rd2
a5 16.Rcd1 Qb3 17.Qd3 Rab8 18.f4 Nd7 19.f3 Nb6 20.f5 Nc4 21.Bf4 Rb7 22.Rg2
Nxb2 23.Rxb2 Qxb2 {#R} 0-1

[Event "Staatsliga B South 2001/02"]
[Site "masterchessopen.com – Austria"]
[Round "5"]
[White "Karner Christoph (AUT)"]
[Black "Kastner Walter (AUT)"]
[Result "1-0"]
[WhiteElo "2242"]
[BlackElo "2273"]

1.d4 d5 2.c4 c6 3.Nf3 Nf6 4.Nc3 dxc4 5.a4 Na6 6.e4 Bg4 7.Bxc4 Bxf3 8.gxf3 Nb4
9.Be3 e6 10.O-O Be7 11.Kh1 O-O 12.Rg1 Kh8 13.f4 Qa5 14.Rg5 Qc7 15.Qf3 g6
16.Rag1 Ne8 17.R5g3 Ng7 18.Rh3 f5 19.Rxg6 Rf6 20.Qg3 {#r} 1-0

[Event "Bayern Oberliga 2001/02"]
[Site "masterchessopen.com – Germany"]
[Round "1"]
[White "Hitzler Philipp (GER)"]
[Black "Schmitz Thorsten (GER)"]
[Result "0-1"]
[WhiteElo "2175"]
[BlackElo "2179"]

1.d4 d5 2.c4 c6 3.Nf3 Nf6 4.Nc3 dxc4 5.a4 Na6 6.e4 Bg4 7.Bxc4 Bxf3 8.gxf3 e6
9.Rg1 Nb4 10.a5 Qxd4 11.Qb3 Nc2+ 12.Qxc2 Qxc4 13.Ra4 Qa6 14.Bg5 Nd7 15.Qe2 Ne5
16.Kf1 Nxf3 17.Qxa6 bxa6 18.Rg3 Nxg5 19.Rxg5 Rb8 20.Nd1 g6 21.Rg3 Rb4 22.Rxb4
Bxb4 23.Rb3 c5 24.Ne3 Ke7 25.Nc4 Rd8 26.Ne5 Rc8 27.Rh3 Kf6 28.f4 h5 29.Rd3
Bxa5 {#R} 0-1

[Event "Ch Moscow"]
[Site "masterchessopen.com – Moscow (Russia)"]
[Round "8"]
[White "Sretenskij Nikolai V (RUS)"]
[Black "Kachar Vladimir (RUS)"]
[Result "1-0"]
[WhiteElo "2430"]
[BlackElo "2363"]

1.d4 d5 2.c4 c6 3.Nf3 Nf6 4.Nc3 dxc4 5.a4 Na6 6.e4 Bg4 7.Bxc4 Bxf3 8.gxf3 e6
9.Be3 Be7 10.O-O O-O 11.Kh1 Nb4 12.Rg1 Kh8 13.f4 g6 14.Qe2 b6 15.Rad1 Qc7
16.Qf3 Rad8 17.f5 exf5 18.Bf4 Qd7 19.Be5 Kg8 20.exf5 Nbd5 21.Rg3 Rde8 22.Nxd5
Nxd5 23.f6 Bd8 24.Bxd5 Qxd5 25.Qxd5 cxd5 26.Rc1 Re6 27.Rf3 a6 28.a5 h6 29.h4
{#r} 1-0

[Event "Ch Europe"]
[Site "masterchessopen.com – Ohrid (Macedonia)"]
[Round "10"]
[White "Gausel Einar (NOR)"]
[Black "Blehm Pawel (POL)"]
[Result "1-0"]
[WhiteElo "2520"]
[BlackElo "2536"]

1.c4 Nf6 2.Nc3 c6 3.d4 d5 4.Nf3 dxc4 5.a4 Na6 6.e3 Bg4 7.Bxc4 e6 8.O-O Nb4
9.a5 Be7 10.Qe2 O-O 11.h3 Bh5 12.Rd1 b5 13.Bb3 Nd7 14.e4 Qc7 15.Be3 a6 16.Rac1
Qxa5 17.g4 Bg6 18.h4 h6 19.h5 Bh7 20.g5 Kh8 21.Kh1 hxg5 22.Nxg5 Bxg5 23.Bxg5
Rae8 24.Rg1 c5 25.dxc5 Nxc5 26.Qe3 f6 27.h6 Rf7 28.hxg7+ Kg8 29.Qxc5 {#r} 1-0

[Event "Ch Europe"]
[Site "masterchessopen.com – Ohrid (Macedonia)"]
[Round "8"]
[White "Sulava Nenad (CRO)"]
[Black "Efimov Igor (MNC)"]
[Result "1-0"]
[WhiteElo "2553"]
[BlackElo "2467"]

1.Nf3 d5 2.d4 Nf6 3.c4 c6 4.Nc3 dxc4 5.a4 Na6 6.e3 Bg4 7.Bxc4 e6 8.h3 Bh5
9.O-O Nb4 10.Qe2 Be7 11.g4 Bg6 12.e4 a5 13.Bf4 O-O 14.Rad1 Qb6 15.Ne5 Rad8
16.h4 Nfd5 17.Bg3 Nf6 18.h5 Bxh5 19.gxh5 Rxd4 20.Rxd4 Qxd4 21.Rd1 Qc5 22.Kg2
h6 23.f4 Qa7 24.f5 exf5 25.exf5 b5 26.axb5 cxb5 27.Nxb5 Qb7+ 28.Qf3 Qxf3+
29.Kxf3 Nxh5 30.Ng6 {#r} 1-0

[Event "Ch Yugoslavia (juniors) (under 20) (g)"]
[Site "masterchessopen.com – Tivat (Yugoslavia)"]
[Round "5"]
[White "Vasic Milena (SRB)"]
[Black "Drljevic Ljilja (SRB)"]
[Result "0-1"]
[WhiteElo "2167"]
[BlackElo "2132"]

1.d4 d5 2.c4 c6 3.Nf3 Nf6 4.Nc3 dxc4 5.a4 Na6 6.e3 Qa5 7.Ne5 Bf5 8.Bd2 e6 9.e4
Bg6 10.Bxc4 Bb4 11.O-O Rd8 12.Nxg6 hxg6 13.e5 Rxd4 14.Bxa6 Qxe5 15.f4 Qc5
16.Be3 Rxd1 17.Nxd1 Qh5 18.Bxb7 Qxh2+ 19.Kf2 Ne4+ 20.Kf3 Qg3+ 21.Ke2 Qxg2+
22.Rf2 Ng3+ {#R} 0-1

[Event "Memorial A. Petrov (open)"]
[Site "masterchessopen.com – St. Petersburg (Russia)"]
[Round "5"]
[White "Izoria Zviad (GEO)"]
[Black "Vunder Andrey (RUS)"]
[Result "1-0"]
[WhiteElo "2565"]
[BlackElo "2289"]

1.d4 d5 2.c4 c6 3.Nf3 Nf6 4.Nc3 dxc4 5.a4 Na6 6.e4 Bg4 7.Bxc4 Bxf3 8.gxf3 Nb4
9.O-O e6 10.Kh1 Be7 11.Rg1 g6 12.Bh6 Bf8 13.Be3 Be7 14.f4 Qa5 15.Rg5 Qc7
16.Qf3 Nh5 17.Rxh5 gxh5 18.Qxh5 Nc2 19.Rg1 O-O-O 20.Qxf7 Kb8 21.Rg7 Bd6
22.Bxe6 Rhf8 23.Qxc7+ Bxc7 24.d5 Bxf4 25.Bc5 Bd6 26.dxc6 bxc6 27.Bxa7+ Ka8
28.Nd5 {#r} 1-0

[Event "Ch France (accession)"]
[Site "masterchessopen.com – Aix les Bains (France)"]
[Round "6"]
[White "Harovelo Ingmar (FRA)"]
[Black "Roos Louis (FRA)"]
[Result "0-1"]
[WhiteElo "2253"]
[BlackElo "2345"]

1.d4 d5 2.c4 c6 3.Nf3 Nf6 4.Nc3 dxc4 5.a4 Na6 6.e4 Bg4 7.Bxc4 e6 8.Be3 Nb4
9.a5 Be7 10.O-O O-O 11.Be2 b6 12.h3 Bh5 13.g4 Bg6 14.Ne5 Bxe4 15.g5 Bc2
16.gxf6 gxf6 17.Qc1 fxe5 18.dxe5 Kh8 19.Kh1 Bg6 20.Bh6 Rg8 21.axb6 axb6
22.Rxa8 Qxa8 23.f4 Nd5 24.Bf3 Nxc3 25.Qxc3 Bf5 26.Kh2 Rg6 27.Bxc6 Qa6 {#R} 0-1

[Event "Ch Aragon (team)"]
[Site "masterchessopen.com – Aragon (Spain)"]
[Round "4"]
[White "Andreu Sin Raul (ESP)"]
[Black "Arino Lison Juan Jose (ESP)"]
[Result "1-0"]
[WhiteElo "2057"]
[BlackElo "2108"]

1.d4 Nf6 2.c4 c6 3.Nc3 d5 4.Nf3 dxc4 5.a4 Na6 6.e3 Bg4 7.Bxc4 e6 8.h3 Bh5
9.O-O Be7 10.g4 Bg6 11.Ne5 Nb4 12.Nxg6 hxg6 13.Kg2 Qa5 14.Bd2 O-O 15.Na2 c5
16.dxc5 {#r} 1-0

[Event "Ch Austria (team) 2003/04"]
[Site "masterchessopen.com – Austria"]
[Round "2"]
[White "Schoeppl Engelbert (AUT)"]
[Black "Fahrner Kurt (AUT)"]
[Result "0-1"]
[WhiteElo "2247"]
[BlackElo "2339"]

1.Nf3 d5 2.d4 Nf6 3.c4 c6 4.Nc3 dxc4 5.a4 Na6 6.e3 Bg4 7.Bxc4 e6 8.h3 Bh5
9.O-O Be7 10.g4 Bg6 11.Ne5 Nb4 12.f4 Nd7 13.Nxg6 hxg6 14.Qf3 Qc7 15.Bd2 a6
16.a5 O-O 17.Ne4 b5 18.axb6 Qxb6 19.f5 gxf5 20.gxf5 e5 21.Bxb4 Qxb4 22.b3 exd4
23.exd4 Nf6 24.Ng5 Qd2 25.Qg2 Qe3+ 26.Kh1 Nh5 27.Rg1 Bxg5 28.Qxg5 Qxh3# 0-1

[Event "Ch Belgium (team) 2003/04"]
[Site "masterchessopen.com – Belgium"]
[Round "5"]
[White "Chuchelov Vladimir (BEL)"]
[Black "Eliet Nicolas (FRA)"]
[Result "1-0"]
[WhiteElo "2571"]
[BlackElo "2430"]

1.Nf3 d5 2.d4 Nf6 3.c4 c6 4.Nc3 dxc4 5.a4 Na6 6.e4 Bg4 7.Bxc4 Bxf3 8.gxf3 e6
9.Be3 Nb4 10.O-O a5 11.Kh1 g6 12.f4 Bg7 13.Qf3 O-O 14.Rad1 Qd7 15.Rg1 Kh8
16.Qh3 Rfd8 17.Rg5 b6 18.Rg3 Rab8 19.Qh4 Nc2 20.Rh3 Nxe3 21.fxe3 h6 22.Rg1 b5
23.Bd3 b4 24.e5 Ng8 25.Ne4 Qd5 26.Rg2 Bf8 27.Nf6 Nxf6 28.Qxf6+ Kg8 29.Bxg6
{#r} 1-0

[Event "Cup Rilton"]
[Site "masterchessopen.com – Stockholm (Sweden)"]
[Round "1"]
[White "Ernst Thomas (SWE)"]
[Black "Lonngren Tobias (SWE)"]
[Result "1-0"]
[WhiteElo "2463"]
[BlackElo "2073"]

1.d4 d5 2.c4 c6 3.Nf3 Nf6 4.Nc3 dxc4 5.a4 Na6 6.e4 Bg4 7.Bxc4 Bxf3 8.gxf3 e6
9.Be3 Qa5 10.O-O g6 11.Qb3 Qb4 12.d5 Qxb3 13.Bxb3 cxd5 14.exd5 Nc5 15.Bc4 e5
16.f4 Ng4 17.Bb5+ Kd8 18.fxe5 Nxe5 19.f4 Ned7 20.f5 Ne5 21.Bd4 Bd6 22.Rae1 f6
23.fxg6 Ke7 24.b4 Na6 25.Bxe5 Bxe5 26.Rxe5+ fxe5 27.Rf7+ Kd8 28.g7 Rg8 29.Ne4
{#r} 1-0

[Event "It (open)"]
[Site "masterchessopen.com – Les Dicqs (Guernsey)"]
[Date "2003.10.20"]
[Round "2"]
[White "Hillarp Persson Tiger (SWE)"]
[Black "Wismayer Clive R (ENG)"]
[Result "1-0"]
[WhiteElo "2523"]
[BlackElo "2129"]

1.d4 d5 2.c4 c6 3.Nc3 Nf6 4.Nf3 dxc4 5.a4 Na6 6.e4 Bg4 7.Bxc4 e6 8.Be3 Nb4
9.O-O a5 10.h3 Bh5 11.g4 Bg6 12.Ne5 Nd7 13.f4 Nxe5 14.dxe5 h6 15.f5 Bh7
16.fxe6 fxe6 17.Bxe6 Bg8 18.Bxg8 {#r} 1-0

[Event "Ch France (team) (2) 2003/04"]
[Site "masterchessopen.com – France"]
[Date "2004.04.03"]
[Round "10"]
[White "Renaze Luc (FRA)"]
[Black "Petrossian Armen (FRA)"]
[Result "0-1"]
[WhiteElo "2302"]
[BlackElo "2329"]

1.d4 d5 2.c4 c6 3.Nf3 Nf6 4.Nc3 dxc4 5.a4 Na6 6.e4 Bg4 7.Bxc4 e6 8.Be3 Be7
9.Qb3 Bxf3 10.gxf3 Qc7 11.Rc1 Nb4 12.Rg1 Qxh2 13.Ke2 Nh5 14.e5 O-O-O 15.Ne4
Nf4+ 16.Kd2 Nfd5 17.Rh1 Qg2 18.Ke2 Nxe3 19.Qxe3 Nc2 20.Rxc2 Qxh1 21.Rc1 Qh6
22.f4 Kb8 23.a5 f5 24.Ng5 Bxg5 25.fxg5 Qh5+ 26.Ke1 Qg4 27.Rd1 h6 28.g6 c5
29.Be2 cxd4 {#R} 0-1

[Event "Ch Niederrhein"]
[Site "masterchessopen.com – Hilden (Germany)"]
[Date "2004.04.07"]
[Round "6"]
[White "Meis Carsten (GER)"]
[Black "Hagen Peter"]
[Result "0-1"]
[WhiteElo "2143"]
[BlackElo "2065"]

1.d4 d5 2.Nf3 Nf6 3.c4 c6 4.Nc3 dxc4 5.a4 Na6 6.e4 Bg4 7.Bxc4 e6 8.Bxa6 bxa6
9.a5 Bxf3 10.gxf3 Bb4 11.Qd3 c5 12.Qxa6 Qxd4 13.O-O O-O 14.Be3 Qe5 15.Na4 Nh5
16.Rfc1 c4 17.Rd1 Rfd8 18.Qxc4 Bd6 19.Nc3 Qxh2+ 20.Kf1 Bf4 21.Bd4 Bh6 22.Ne2
Qh3+ 23.Ke1 Qh1+ 24.Ng1 Qxg1+ 25.Ke2 Nf4+ 26.Ke3 Qg5 {#R} 0-1

[Event "It (open)"]
[Site "masterchessopen.com – Schwarzach (Austria)"]
[Round "7"]
[White "Hertneck Gerald (GER)"]
[Black "Reefschlaeger Helmut Dr (GER)"]
[Result "1-0"]
[WhiteElo "2552"]
[BlackElo "2299"]

1.d4 d5 2.c4 c6 3.Nf3 Nf6 4.Nc3 dxc4 5.a4 Na6 6.e4 Bg4 7.Bxc4 Bxf3 8.gxf3 Nb4
9.d5 e6 10.dxe6 Qxd1+ 11.Kxd1 fxe6 12.Be3 e5 13.Ke2 Nc2 14.Rad1 Nxe3 15.fxe3
Nh5 16.Be6 Ke7 17.Bh3 Rd8 18.Rxd8 Kxd8 19.Rd1+ Kc7 20.Rd7+ Kb8 21.Rd8+ Kc7
22.Re8 g6 23.a5 b6 24.a6 b5 25.Rc8+ Kb6 26.Bd7 Kxa6 27.Rxc6+ {#r} 1-0

[Event "It (open)"]
[Site "masterchessopen.com – Nikea (Greece)"]
[Date "2005.08.23"]
[Round "1"]
[White "Obodchuk Andrei (RUS)"]
[Black "Sverkounos Spyridon (GRE)"]
[Result "1-0"]
[WhiteElo "2426"]
[BlackElo "2023"]

1.d4 d5 2.c4 c6 3.Nf3 Nf6 4.Nc3 dxc4 5.a4 Na6 6.e4 Bg4 7.Be3 e6 8.Bxc4 Nb4
9.O-O Be7 10.Be2 O-O 11.a5 Qc7 12.Qb3 b6 13.a6 Bxf3 14.Bxf3 Rab8 15.Rfc1 Qd7
16.Rd1 Qc8 17.Bf4 Ra8 18.Bg5 Nxa6 19.e5 Nd5 20.Bxe7 Nxe7 21.Qa3 {#r} 1-0

[Event "Ch Hungary (team) 2005/06"]
[Site "masterchessopen.com – Hungary"]
[Date "2005.10.30"]
[Round "2"]
[White "Seres Lajos (HUN)"]
[Black "Farkas Tibor (SRB)"]
[Result "1-0"]
[WhiteElo "2396"]
[BlackElo "2335"]

1.Nf3 Nf6 2.c4 c6 3.d4 d5 4.Nc3 dxc4 5.a4 Na6 6.e4 Bg4 7.Bxc4 e6 8.Be3 Bb4
9.Qd3 Qa5 10.Ne5 Bh5 11.f3 c5 12.g4 cxd4 13.Bxd4 Nc5 14.Qe3 Bg6 15.Bb5+ Ncd7
16.g5 a6 17.Bb6 Bc5 18.Nxd7 Bxe3 19.Nxf6+ Ke7 20.Bxa5 axb5 21.Bb4+ Kd8 22.Ng4
{#r} 1-0

[Event "Czech League 2005/06 (krajsky prebor)"]
[Site "masterchessopen.com – Czech Republic"]
[Date "2005.11.13"]
[Round "2"]
[White "Hala Bohumil (CZE)"]
[Black "Dusek Martin (CZE)"]
[Result "1-0"]
[WhiteElo "2251"]
[BlackElo "2125"]

1.d4 d5 2.Nf3 c6 3.c4 Nf6 4.Nc3 dxc4 5.a4 Na6 6.Ne5 Be6 7.e4 Nb4 8.Be3 Nd3+
9.Bxd3 cxd3 10.Qxd3 Ng4 11.Nxg4 Bxg4 12.O-O a5 13.f4 Bc8 14.d5 e6 15.Rad1 exd5
16.exd5 Qd6 17.Qe4+ Be7 18.Rfe1 O-O 19.dxc6 Qb4 20.Rd4 {#r} 1-0

[Event "It (open)"]
[Site "masterchessopen.com – Leutersdorf (Germany)"]
[Round "3"]
[White "Natsidis Christoph (GER)"]
[Black "Nagel Gerhard (GER)"]
[Result "1-0"]
[WhiteElo "2177"]
[BlackElo "1965"]

1.d4 d5 2.c4 c6 3.Nc3 Nf6 4.Nf3 dxc4 5.a4 Na6 6.e4 Bg4 7.Be3 Nb4 8.Bxc4 Bxf3
9.gxf3 g6 10.Qb3 e6 11.O-O-O Qa5 12.d5 exd5 13.exd5 O-O-O 14.dxc6 Rxd1+
15.Rxd1 Nxc6 16.Bxf7 Bg7 17.Bf4 Rd8 18.Be6+ Nd7 19.Bxd7+ Rxd7 20.Rxd7 {#r} 1-0

[Event "Ch Hamburg (open)"]
[Site "masterchessopen.com – Hamburg (Germany)"]
[Date "2006.06.06"]
[Round "5"]
[White "Bobras Piotr (POL)"]
[Black "Kekelidze Mikheil (GEO)"]
[Result "0-1"]
[WhiteElo "2527"]
[BlackElo "2453"]

{ Kekelidze Mikheil (GEO) +0 =0 -2 } 1.d4 d5 2.c4 c6 3.Nc3 Nf6 4.Nf3 dxc4 5.a4
Na6 ( 5...Bg4 6.Ne5 Nbd7 7.Nxg4 Nxg4 8.e3 Ngf6 9.Bxc4 e6 10.a5 b5 11.axb6 axb6
12.Bd2 Bd6 13.Rc1 O-O 14.O-O Nd5 15.Be2 e5 16.Nxd5 cxd5 17.dxe5 Bxe5 18.Bc3
Bxc3 19.Rxc3 Nc5 20.Bf3 Qf6 21.Bxd5 Rad8 22.Qf3 Qe5 23.Rd1 Ne4 24.Rcd3 Rde8
25.Bxe4 { ...1-0, Ikonnikov Vyacheslav 2555 - Kekelidze Mikheil 2455 ,
Untergrombach 1998 It (open) } ) 6.e4 { ?/= } 6...Be6 ( 6...Bg4 7.Bxc4 Bxf3
8.gxf3 e6 9.Bxa6 bxa6 10.Qe2 a5 11.Qc4 Rc8 12.Rg1 g6 13.Kf1 Bg7 14.Qc5 Qb6
15.Qxb6 axb6 16.Be3 O-O 17.Rc1 Nd7 { 1/2-1/2, Ivanchuk Vassily 2730 - Smyslov
Vassily 2510 , Tallinn 1996 It (cat.13) (active) } ) 7.Ne5 ( 7.Ng5 Qd7 8.Be2
Nb4 9.O-O a5 10.Re1 Nd3 11.Bxd3 cxd3 12.Qxd3 g6 13.Nxe6 fxe6 14.e5 Nd5 15.Ne4
Bg7 16.Nc5 Qc8 17.Qa3 Nc7 18.Bg5 b6 19.Ne4 Qd7 20.Rac1 O-O-O 21.Qb3 Nd5 22.Bd2
Qb7 23.Rc2 h6 24.Rec1 Kc7 25.Qb5 Rc8 26.Rxc6+ Kb8 { ...1-0, Moskalenko Viktor
2508 - Arbunic Castro Giovanna B 2137 , Salou 2000 It (open) } ) 7...Qa5 (
7...Nb4 8.Be3 Ng4 9.Nxg4 Bxg4 10.f3 Be6 11.Qd2 g6 12.Rd1 Nd3+ 13.Bxd3 cxd3
14.Qxd3 Bg7 15.O-O O-O 16.d5 cxd5 17.Nxd5 Bxd5 18.Qxd5 Qxd5 19.Rxd5 e6 20.Rd7
b6 21.b4 Rfc8 22.Rc1 Rxc1+ 23.Bxc1 Bc3 24.b5 Bb4 25.Bg5 Bc5+ 26.Kf1 Kf8 27.Bf6
{ ...1-0, Ostojic Nikola 2431 - Perunovic Ljubivoje 2137 , Nisa 2003 It (open)
} ) ( 7...g6 8.Bxc4 Bxc4 9.Nxc4 Bg7 { +0.04 CAP } ) 8.f3 { N } ( 8.Bxc4 Bxc4
9.Nxc4 Qb4 10.Qe2 Nxe4 11.O-O Nd6 12.Ne5 Nc7 13.a5 Ncb5 14.Qg4 e6 15.Ra4 Qb3
16.a6 Nxc3 17.Ra3 Qd5 18.Rxc3 b6 19.Nxc6 Nb5 20.Rc2 h5 21.Qg5 Qxg5 22.Bxg5 Bd6
23.Rd1 f6 24.Bd2 Rc8 25.d5 exd5 26.Nb4 Rxc2 27.Nxc2 Kf7 { ...0-1, Stanciu
Gabriela 2245 - Muresan Margareta 2206 , Balatonfured 1987 Zt } ) 8...Rd8
9.Be3 { +0.37 CAP } 9...Qb4 10.Qc1 Nd7 11.Nxd7 Bxd7 12.a5 e5 13.Ra4 Qd6
14.Rxc4 Be6 15.d5 cxd5 16.Nb5 Qd7 17.Nc7+ Nxc7 18.Rxc7 Bb4+ 19.Kf2 Qa4 20.Rxb7
O-O 21.Bb5 { ?! } ( 21.exd5 { !? } 21...Bxd5 22.Rxa7 Rc8 23.Rc7 Rxc7 24.Qxc7
Qd1 25.Kg3 Qe1+ 26.Bf2 Bxa5 { } ) 21...Qxa5 22.Rd1 Rc8 23.Bc6 d4 24.Bh6 gxh6
25.Qxh6 Qd8 26.Bd7 Bxd7 27.Rxd7 Qb6 { } {#R} 0-1

[Event "Festival (universities)"]
[Site "masterchessopen.com – Istanbul (Turkey)"]
[Date "2006.09.02"]
[Round "4"]
[White "Batsiashvili Nino (GEO)"]
[Black "Arzumanian Georgy (ARM)"]
[Result "0-1"]
[WhiteElo "2347"]
[BlackElo "2448"]

1.d4 d5 2.c4 c6 3.Nf3 Nf6 4.Nc3 dxc4 5.a4 Na6 6.e4 Bg4 7.Bxc4 Bxf3 8.gxf3 e6
9.Be3 Qa5 10.Rg1 Nb4 11.Qb3 g6 12.Rd1 Be7 13.Rg5 Qc7 14.Re5 O-O-O 15.Bg5 Rxd4
16.f4 Rxd1+ 17.Nxd1 Qd6 18.Ne3 h6 19.Bxf6 Bxf6 20.Bxe6+ fxe6 21.Rxe6 Qd4 22.e5
Bh4 23.Rxg6 Nd3+ 24.Kf1 Qxf4 25.Qe6+ Kb8 26.Ke2 Rd8 {#R} 0-1